| 000 | 00793aam a2200289 i 4500 | ||
|---|---|---|---|
| 001 | 768714001 | ||
| 003 | CO-MdFUSB | ||
| 005 | 20251028125247.0 | ||
| 007 | ta | ||
| 008 | 251028t1958 -us |||| |||| 00| 0 eng d | ||
| 040 | _cCO-MdFUSB | ||
| 041 | 0 | _aeng | |
| 082 | 0 | 4 |
_223 _a253.08 _bB699n |
| 100 | 1 |
_aBonar, Andrew A. (1810-1892) _eautor |
|
| 245 | 1 | 0 |
_aMemoirs of McCheyne : _bincluiding his letters and messages _c/ Andrew A. Bonar |
| 264 | 1 |
_bMoody Press, _aChicago, ILL., USA : _c[1958] |
|
| 264 | 4 | _c©1958 | |
| 300 | _a448 páginas | ||
| 336 |
_atexto _btxt _2rdacontent |
||
| 337 |
_2rdamedia _asin mediación _bn |
||
| 338 |
_2rdacarrier _avolumen _bnc |
||
| 563 | _aPasta dura | ||
| 650 | 7 |
_aSermones _9283 |
|
| 942 | _cBK | ||
| 945 | _aJTF-925 | ||
| 999 |
_c39194 _d39194 |
||